000 00471nam a22001457a 4500
020 _a9781444103106
050 _aQC980
_b.I45 2012
100 _aInness, Peter
245 _aUnderstand the weather:
_bteach yourself.
_cPeter Inness
260 _aLondon :
_bTeach Yourself Books : [distributor] Bookpoint,
_c2012.
300 _axv, 287p.:
500 _aincludes table of contents, appendix, glossary and index.
650 _v1. Weather 2. Weather forecasting.
942 _cGEN
999 _c2028
_d2028